Sports Quiz

Random Sports or NHL Quiz

2014 NHL Point Leaders Quiz Stats

 Plays Quiz not verified by Sporcle

Score 0/24 Timer 07:00
0 Plays Today
Team Answer % Correct
Pittsburgh PenguinsSidney Crosby
99.2%
Anaheim DucksRyan Getzlaf
96.2%
Washington CapitalsAlexander Ovechkin
95.5%
New York IslandersJohn Tavares
95.5%
Philidelphia FlyersClaude Giroux
94.7%
Anaheim DucksCorey Perry
91.7%
Dallas StarsTyler Seguin
91%
Dallas StarsJamie Benn
87.2%
Toronto Maple LeafsPhil Kessel
85.7%
Edmonton OilersTaylor Hall
85%
Chicago BlackhawksPatrick Kane
83.5%
Pittsburgh PenguinsEvgeni Malkin
82%
Team Answer % Correct
Los Angeles KingsAnze Kopitar
82%
San Jose SharksJoe Thornton
80.5%
San Jose SharksJoe Pavelski
78.9%
Chicago BlackhawksPatrick Sharp
78.9%
San Jose SharksPatrick Marleau
75.2%
Ottawa SenatorsErik Karlsson
69.2%
Colorado AvalancheMatthew Duchene
68.4%
New York IslandersKyle Okposo
67.7%
Boston BruinsDavid Krejci
61.7%
Winnipeg JetsBlake Wheeler
57.9%
New York RangersMartin St. Louis
23.3%
Washington CapitalsNicholas Backstorm
14.3%

You're not logged in!

Compare scores with friends on all Sporcle quizzes.
OR
Log In

Sporcle TV

Today on Sporcle TV


Watch our educational content, quiz creation guides, and fun videos on Sporcle TV.

Show Comments

Extras

Created Dec 5, 2014ReportNominate
Tags:NHL Quiz, 2014, leader, point, team

Top Quizzes Today


Score Distribution

Your Account Isn't Verified!

In order to create a playlist on Sporcle, you need to verify the email address you used during registration. Go to your Sporcle Settings to finish the process.

Report this User

Report this user for behavior that violates our Community Guidelines.

Details: